[Event "European Blitz 2016"]
[Site "Tallinn EST"]
[Date "2016.12.17"]
[Round "15.20"]
[White "Alekseev, Evgeny"]
[Black "Castellanos Rodriguez, Renier"]
[Result "1/2-1/2"]
[WhiteTitle "GM"]
[BlackTitle "IM"]
[WhiteElo "2632"]
[BlackElo "2491"]
[WhiteFideId "4138147"]
[BlackFideId "3404650"]
[EventDate "2016.12.17"]

1. e4 c5 2. Nf3 d6 3. d4 cxd4 4. Qxd4 Nf6 5. Bb5+ Bd7 6. c4 Bxb5 7. cxb5 Nbd7 8.
Nc3 g6 9. O-O Bg7 10. Be3 O-O 11. Qd2 Re8 12. h3 Qa5 13. a3 a6 14. b4 Qd8 15.
bxa6 Rxa6 16. Qd3 Qa8 17. Nb5 Rc6 18. Rfd1 Qa4 19. Rdc1 Nxe4 20. Nbd4 Rxc1+ 21.
Rxc1 Nef6 22. Rc7 e5 23. Qb3 Qa6 24. Nc2 d5 25. b5 Qe6 26. Rxb7 d4 27. Qxe6 Rxe6
28. Bd2 Nc5 29. Rb8+ Re8 30. Rxe8+ Nxe8 31. Nb4 e4 32. Ne1 d3 33. b6 Nd6 34. Be3
Na4 35. f3 f5 36. Nd5 Nb7 37. Kf2 Kf7 38. fxe4 fxe4 39. Kg3 Be5+ 40. Kf2 Ke6 41.
Nc7+ Bxc7 42. bxc7 Kd7 43. Kg3 Kxc7 44. Kf4 Nc3 45. g4 Kc6 46. Bd2 Nb1 47. Kxe4
Nxd2+ 48. Kxd3 Nb3 49. Ke4 Kd6 50. Nf3 h6 51. Nh4 N7c5+ 52. Kf3 Nd4+ 53. Ke3
Nc2+ 54. Kd2 Nxa3 55. Nxg6 Nb5 56. Nh4 Ke5 57. Nf5 h5 58. gxh5 Kxf5 59. h6 Kg6
60. h4 Kh7 61. h5 Nd7 62. Kd3 Nd6 63. Kd4 Nf7 64. Kd5 Nf8 65. Ke4 Kg8 66. h7+
Nxh7 67. h6 Nfg5+ 68. Kf5 Kf7 69. Ke5 Kg6 70. Kd5 Kf5 71. Kd6 Nf7+ 72. Kd5 Nf6+
73. Kc5 Ke5 74. h7 1/2-1/2

[Event "European Blitz 2016"]
[Site "Tallinn EST"]
[Date "2016.12.17"]
[Round "15.21"]
[White "Sarana, Alexey"]
[Black "Ponkratov, Pavel"]
[Result "0-1"]
[WhiteTitle "IM"]
[BlackTitle "GM"]
[WhiteElo "2457"]
[BlackElo "2607"]
[WhiteFideId "24133795"]
[BlackFideId "4157800"]
[EventDate "2016.12.17"]

1. Nf3 c5 2. g3 Nc6 3. d4 cxd4 4. Nxd4 e5 5. Nxc6 dxc6 6. Qxd8+ Kxd8 7. e4 Be6
8. Nd2 Nf6 9. f3 Nd7 10. Bc4 Nc5 11. Bxe6 Nxe6 12. c3 Kc7 13. Ke2 a5 14. a4 b5
15. Nb3 b4 16. Be3 Be7 17. Nd2 bxc3 18. bxc3 Bc5 19. Nc4 f6 20. Bd2 h5 21. h3
Rhf8 22. Rhb1 Be7 23. Be3 Bc5 24. Bd2 g5 25. Rb2 Rfb8 26. Rxb8 Kxb8 27. Rh1 h4
28. gxh4 gxh4 29. Rh2 Kc7 30. Rg2 Rb8 31. Rg6 Be7 32. Nxe5 Rb2 33. Nd3 Ra2 34.
Rh6 Rxa4 35. Rxh4 Ra1 36. Rh7 Kd8 37. Rh8+ Kd7 38. Ra8 a4 39. Ra7+ Ke8 40. Nf4
Nc5 41. h4 a3 42. h5 Nb3 43. Be3 Ra2+ 44. Kd3 Rh2 45. Ng6 Bc5 46. Bxc5 Nxc5+ 47.
Kc4 Nd7 48. Ra8+ Kf7 49. Ra7 Rxh5 50. Nf4 Rc5+ 51. Kd4 Ke8 52. Ne6 Re5 53. Nf4
c5+ 54. Ke3 Nb6 55. Nd3 Rh5 56. Kf4 Nc4 57. Ra4 Nd2 58. Rxa3 Rh3 59. Nxc5 Rxf3+
60. Kg4 Rf1 61. Ra7 Nc4 62. Nd3 Rd1 63. Nf4 Ne3+ 64. Kf3 Nc4 65. Nd5 Kd8 66.
Ra8+ Kd7 67. Nxf6+ Ke6 68. Nd5 Ne5+ 69. Kf4 Rf1+ 70. Ke3 Rf3+ 71. Ke2 Rg3 72.
Ra6+ Kd7 73. Ne3 Rh3 74. Nd5 Nc4 75. Ra4 Ne5 76. Ra8 Kd6 77. Rd8+ Kc5 78. Rc8+
Kd6 79. Nf4 Rh4 80. Ke3 Rh1 81. Ne2 Rh3+ 82. Kd2 Nf3+ 83. Kc2 Rh2 84. Kd3 Ne5+
85. Ke3 Ng4+ 86. Kd2 Nf6 87. Kd3 Nxe4 88. Nf4 Nc5+ 89. Kc4 Nd7 90. Nd3 Nb6+ 91.
Kb5 Nxc8 0-1

[Event "European Blitz 2016"]
[Site "Tallinn EST"]
[Date "2016.12.17"]
[Round "15.22"]
[White "Jankovic, Alojzije"]
[Black "Sychev, Klementy"]
[Result "0-1"]
[WhiteTitle "GM"]
[BlackTitle "IM"]
[WhiteElo "2591"]
[BlackElo "2453"]
[WhiteFideId "14505959"]
[BlackFideId "4114060"]
[EventDate "2016.12.17"]

1. d4 Nf6 2. Nf3 g6 3. c4 Bg7 4. Nc3 d5 5. cxd5 Nxd5 6. g3 Nb6 7. Bg2 Nc6 8. e3
O-O 9. O-O Re8 10. a3 e5 11. d5 Na5 12. e4 c6 13. Bg5 f6 14. Be3 cxd5 15. Bxb6
Qxb6 16. b4 Nc6 17. Nxd5 Qd8 18. Qc2 Be6 19. Rfd1 Rc8 20. Qa4 a6 21. Rac1 Kh8
22. h4 Bh6 23. Rb1 Bg7 24. b5 Qa5 25. Qxa5 Nxa5 26. bxa6 bxa6 27. Rb6 Rc6 28.
Rxc6 Nxc6 29. Nc7 Re7 30. Nxa6 Ra7 31. Rd6 Bc4 32. Nb4 Nxb4 33. Rd8+ Bg8 34.
axb4 h5 35. Bf1 Kh7 36. b5 Ra1 37. Kg2 Rb1 38. Rb8 Rb2 39. b6 Bh6 40. Ba6 Be3
41. b7 Bxf2 42. Kf1 Bc5 43. Rc8 Bd6 44. Ne1 Be6 45. Rc6 Bh3+ 46. Kg1 Bb8 47. Rc2
Ba7+ 48. Kh1 Rb1 49. Kh2 Bg4 50. Nd3 Bf3 51. Nf2 Bxf2 52. Bf1 Rxf1 53. g4 Rh1# 0-1

[Event "European Blitz 2016"]
[Site "Tallinn EST"]
[Date "2016.12.17"]
[Round "15.23"]
[White "Grandelius, Nils"]
[Black "Malakhov, Igor"]
[Result "1-0"]
[WhiteTitle "GM"]
[BlackTitle "IM"]
[WhiteElo "2643"]
[BlackElo "2454"]
[WhiteFideId "1710400"]
[BlackFideId "4183088"]
[EventDate "2016.12.17"]

1. d4 Nf6 2. Nc3 d5 3. Bf4 e6 4. Nb5 Na6 5. e3 c6 6. Nc3 Nc7 7. Bd3 Bd6 8. Nf3
Bxf4 9. exf4 Qd6 10. Qd2 b6 11. O-O Ba6 12. Bxa6 Nxa6 13. f5 Nc7 14. Rae1 O-O
15. Qd3 Rae8 16. h3 exf5 17. Qxf5 g6 18. Qg5 Ne4 19. Qh6 f5 20. Nxe4 dxe4 21.
Ng5 Re7 22. c3 Ne6 23. f3 Nxg5 24. Qxg5 Rfe8 25. fxe4 Rxe4 26. Rxe4 Rxe4 27.
Rxf5 Re1+ 28. Rf1 Rxf1+ 29. Kxf1 Qe6 30. Qd8+ Kg7 31. Qc7+ Kh6 32. Qxa7 Qf5+ 33.
Kg1 Qf4 34. Qe7 Qc1+ 35. Kf2 Qf4+ 36. Ke2 g5 37. Qe6+ Kh5 38. Qg4+ Qxg4+ 39.
hxg4+ Kxg4 40. a4 Kg3 41. Kf1 h5 42. b4 h4 43. Kg1 g4 44. a5 1-0

[Event "European Blitz 2016"]
[Site "Tallinn EST"]
[Date "2016.12.17"]
[Round "15.24"]
[White "Ahvenjarvi, Jani"]
[Black "Motylev, Alexander"]
[Result "0-1"]
[WhiteTitle "FM"]
[BlackTitle "GM"]
[WhiteElo "2317"]
[BlackElo "2663"]
[WhiteFideId "507571"]
[BlackFideId "4121830"]
[EventDate "2016.12.17"]

1. e4 c6 2. Nc3 d5 3. Nf3 Bg4 4. h3 Bxf3 5. Qxf3 e6 6. d3 g6 7. g3 Bg7 8. Bg2
Ne7 9. O-O O-O 10. Qe2 Nd7 11. f4 Qc7 12. Kh1 Rae8 13. Bd2 f5 14. e5 g5 15. Qh5
gxf4 16. gxf4 Ng6 17. Rg1 Rf7 18. Qe2 Ndf8 19. Bf3 Qe7 20. Qf2 Bh6 21. Bh5 a6
22. Raf1 Rg7 23. Ne2 Kh8 24. a3 Nd7 25. d4 Reg8 26. Bb4 Qd8 27. Bd2 a5 28. b3 b6
29. c4 Qe7 30. Bc1 dxc4 31. bxc4 b5 32. cxb5 cxb5 33. d5 exd5 34. Nd4 Rf8 35.
Nxb5 Nc5 36. Nd6 Nd3 37. Qc2 Nxc1 38. Qxc1 Nxe5 39. Rxg7 Qxg7 40. Qb2 Nc4 41.
Qxg7+ Kxg7 42. a4 Nxd6 0-1

[Event "European Blitz 2016"]
[Site "Tallinn EST"]
[Date "2016.12.17"]
[Round "15.25"]
[White "Bartel, Mateusz"]
[Black "Krutti, Valer"]
[Result "1-0"]
[WhiteTitle "GM"]
[BlackTitle "IM"]
[WhiteElo "2641"]
[BlackElo "2361"]
[WhiteFideId "1112635"]
[BlackFideId "706248"]
[EventDate "2016.12.17"]

1. e4 c6 2. Nf3 d5 3. Nc3 a6 4. h3 dxe4 5. Nxe4 Nd7 6. d4 Ngf6 7. Ned2 e6 8. Bd3
c5 9. O-O Be7 10. Nb3 O-O 11. dxc5 Nxc5 12. Nxc5 Bxc5 13. Qe2 b5 14. Bg5 Bb7 15.
Rad1 Qc7 16. Bxf6 gxf6 17. Be4 Rad8 18. Bxb7 Qxb7 19. Rxd8 Rxd8 20. Rd1 Rxd1+
21. Qxd1 Qe4 22. Qd2 Kg7 23. Ne1 Bd6 24. Nd3 Be5 25. Kf1 Bd4 26. Qe2 Qd5 27. Nb4
Qd6 28. c3 Bc5 29. Nd3 Bb6 30. Qe4 Qh2 31. Qc6 Qh1+ 32. Ke2 Bd8 33. Ne1 Qh2 34.
Qxa6 Qe5+ 35. Kf1 Qd5 36. b3 f5 37. c4 bxc4 38. Qxc4 1-0

[Event "European Blitz 2016"]
[Site "Tallinn EST"]
[Date "2016.12.17"]
[Round "15.26"]
[White "Huzman, Alexander"]
[Black "Seeman, Tarvo"]
[Result "1-0"]
[WhiteTitle "GM"]
[BlackTitle "IM"]
[WhiteElo "2557"]
[BlackElo "2420"]
[WhiteFideId "2803828"]
[BlackFideId "4500547"]
[EventDate "2016.12.17"]

1. Nf3 Nf6 2. c4 g6 3. Nc3 Bg7 4. e4 d6 5. d4 O-O 6. Be2 e5 7. Be3 Na6 8. O-O c6
9. Re1 exd4 10. Nxd4 Re8 11. f3 Nh5 12. Bf1 Nc5 13. Qd2 a5 14. Rad1 a4 15. Nxc6
bxc6 16. Bxc5 a3 17. Bxa3 Rxa3 18. bxa3 Qa5 19. Ne2 Qxa3 20. Qxd6 Qe3+ 21. Kh1
Be5 22. Qxc6 Kf8 23. Qd5 Qf2 24. Qd3 Qh4 25. f4 Nxf4 26. Nxf4 Qxf4 27. g3 Qg5
28. Qe3 Qe7 29. Rd5 Kg7 30. Bg2 h5 31. Qc5 Qg5 32. Rxe5 Qxe5 33. Qxe5+ Rxe5 34.
Rc1 Rc5 35. Kg1 Kf6 36. Kf2 Ke5 37. Ke3 Be6 38. Bf1 g5 39. Bd3 f6 40. Rb1 Kd6
41. Rb5 Rc8 42. Rb6+ Ke7 43. Kd4 Rd8+ 44. Kc3 Ra8 45. Kb3 Rd8 46. Kc3 Ra8 47.
Bb1 Rc8 48. Rb4 h4 49. a4 hxg3 50. hxg3 Rh8 51. a5 Rh3 52. a6 Rxg3+ 53. Bd3 Rg1
54. Ra4 Bc8 55. a7 Bb7 56. a8=Q Bxa8 57. Rxa8 g4 58. c5 1-0

[Event "European Blitz 2016"]
[Site "Tallinn EST"]
[Date "2016.12.17"]
[Round "15.27"]
[White "Llobel Cortell, Enrique"]
[Black "Potkin, Vladimir"]
[Result "0-1"]
[WhiteTitle "IM"]
[BlackTitle "GM"]
[WhiteElo "2399"]
[BlackElo "2597"]
[WhiteFideId "2216116"]
[BlackFideId "4131061"]
[EventDate "2016.12.17"]

1. e4 c5 2. Nc3 e6 3. Nf3 Nc6 4. d4 cxd4 5. Nxd4 Qc7 6. g3 a6 7. Bg2 d6 8. Nxc6
bxc6 9. O-O Nf6 10. b3 Be7 11. Bb2 O-O 12. Na4 Rb8 13. c4 c5 14. Qe2 Nd7 15.
Rad1 Bb7 16. Rd2 Bc6 17. Nc3 Bf6 18. Nd1 Rfd8 19. f4 a5 20. Bxf6 Nxf6 21. Nc3 a4
22. bxa4 Qa5 23. Nb5 Bxe4 24. Rxd6 Bxg2 25. Qxg2 Rxd6 26. Nxd6 Qxa4 27. Qe2 h6
28. Nb5 Ra8 29. Rf2 Qb4 30. h3 Qb1+ 31. Kh2 Ne4 32. Rg2 f5 33. Qc2 Qf1 34. Nc7
Rd8 35. Qe2 Qb1 36. Qc2 Qa1 37. Qb2 Qf1 38. Nxe6 Rd7 39. Qb8+ Kf7 40. Qe5 Kg8
41. Qb8+ Kf7 42. Qe5 Nf6 43. Nxc5 Rd1 44. Qc7+ Kg6 0-1

[Event "European Blitz 2016"]
[Site "Tallinn EST"]
[Date "2016.12.17"]
[Round "15.28"]
[White "Shkapenko, Pavel"]
[Black "Turov, Maxim"]
[Result "0-1"]
[WhiteTitle "IM"]
[BlackTitle "GM"]
[WhiteElo "2425"]
[BlackElo "2594"]
[WhiteFideId "4151933"]
[BlackFideId "4120086"]
[EventDate "2016.12.17"]

1. e4 c6 2. d4 d5 3. exd5 cxd5 4. Bd3 Nc6 5. c3 Qc7 6. Ne2 Bg4 7. f3 Bh5 8. Bf4
Qd7 9. O-O Bg6 10. Bg3 e6 11. Nf4 Bd6 12. Qe2 Nge7 13. Nd2 Qc7 14. Nxg6 hxg6 15.
Bxd6 Qxd6 16. f4 O-O-O 17. g3 Kb8 18. Nf3 Nf5 19. Ne5 Qc7 20. Bb5 Na5 21. Rac1
Nd6 22. Bd3 Nc6 23. Bb5 Ne7 24. Bd3 Nef5 25. Kg2 a6 26. Nf3 Ka7 27. b3 Qb6 28.
Qf2 Ne4 29. Qe2 Ned6 30. Qf2 Rc8 31. c4 Ne4 32. c5 Qb4 33. Qb2 Ne3+ 34. Kg1 Nxf1
35. Bxf1 Qa5 36. b4 Qa4 37. Be2 Rc7 38. Bd1 Qb5 39. Be2 Qa4 40. Bd1 Qb5 41. Be2
Qe8 42. b5 axb5 43. Bxb5 Qe7 44. Bf1 Rc6 45. a4 f6 46. a5 g5 47. fxg5 Nxg5 48.
Nxg5 fxg5 49. Bb5 Rcc8 50. Bf1 Rc6 51. Bb5 Rcc8 52. Bf1 Qc7 53. Rb1 e5 54. a6
Rb8 55. axb7 Rxb7 56. Ra1+ Kb8 57. Qa2 Ra7 58. Qb2+ Ka8 59. Rxa7+ Qxa7 60. Bb5
Rc8 61. Qb3 exd4 62. Qxd5+ Kb8 63. Bc6 d3 64. Qd6+ Qc7 65. Qxc7+ Rxc7 0-1

[Event "European Blitz 2016"]
[Site "Tallinn EST"]
[Date "2016.12.17"]
[Round "15.29"]
[White "Pohjala, Henri"]
[Black "Kulaots, Kaido"]
[Result "0-1"]
[WhiteTitle "FM"]
[BlackTitle "GM"]
[WhiteElo "2382"]
[BlackElo "2556"]
[WhiteFideId "506478"]
[BlackFideId "4500261"]
[EventDate "2016.12.17"]

1. d4 Nf6 2. Bg5 e6 3. Nf3 c5 4. e3 h6 5. Bf4 b6 6. c3 Be7 7. Nbd2 O-O 8. h3 d6
9. Bd3 Ba6 10. Bxa6 Nxa6 11. O-O Nc7 12. a4 Ncd5 13. Bh2 cxd4 14. cxd4 Nb4 15.
Qb3 d5 16. Rfc1 Qd7 17. Rc3 Rfc8 18. Rac1 Qb7 19. Rc7 Qa6 20. Ne5 Rxc7 21. Rxc7
Bd6 22. Rc1 Rc8 23. Rc3 Rxc3 24. bxc3 Qe2 25. Nf1 Bxe5 26. cxb4 Bxh2+ 27. Nxh2
Ne4 28. Ng4 h5 29. f3 hxg4 30. fxe4 Qe1+ 0-1

[Event "European Blitz 2016"]
[Site "Tallinn EST"]
[Date "2016.12.17"]
[Round "15.30"]
[White "Tregubov, Pavel V."]
[Black "Jussupow, Artur"]
[Result "1-0"]
[WhiteTitle "GM"]
[BlackTitle "GM"]
[WhiteElo "2585"]
[BlackElo "2585"]
[WhiteFideId "4115341"]
[BlackFideId "4618777"]
[EventDate "2016.12.17"]

1. d4 d5 2. c4 dxc4 3. e3 e5 4. Bxc4 exd4 5. exd4 Bd6 6. Nf3 Nf6 7. Qe2+ Qe7 8.
Qxe7+ Bxe7 9. Nc3 Nbd7 10. O-O Nb6 11. Bb3 c6 12. Re1 Nfd5 13. h3 Be6 14. Bg5
Rd8 15. Rac1 h6 16. Bxe7 Kxe7 17. Ne4 Kf8 18. a4 Nf4 19. Bxe6 Nxe6 20. a5 Nd5
21. a6 bxa6 22. Rxc6 Nb4 23. Rc4 a5 24. Nc5 Nf4 25. Nb7 Rb8 26. Nxa5 g6 27. Rc7
Nbd5 28. Rxa7 Kg7 29. Nc4 Ra8 30. Rxa8 Rxa8 31. g3 Nd3 32. Rd1 N3b4 33. Nfe5 f6
34. Nd3 Nc6 35. Ne3 Nce7 36. Nxd5 Nxd5 37. Kf1 Ra4 38. Nc5 Rb4 39. Rd2 Kf7 40.
Ke2 Ke7 41. h4 h5 42. Kd1 g5 43. b3 gxh4 44. gxh4 Rb8 45. Re2+ Kf7 46. Kc2 Rg8
47. Re4 Rg2 48. Nd3 f5 49. Re5 Ne7 50. d5 Kf6 51. d6 Nc6 52. d7 Rg7 53. Rd5 Rg8
54. Rd6+ 1-0

[Event "European Blitz 2016"]
[Site "Tallinn EST"]
[Date "2016.12.17"]
[Round "16.1"]
[White "Leko, Peter"]
[Black "Andreikin, Dmitry"]
[Result "0-1"]
[WhiteTitle "GM"]
[BlackTitle "GM"]
[WhiteElo "2693"]
[BlackElo "2737"]
[WhiteFideId "703303"]
[BlackFideId "4158814"]
[EventDate "2016.12.17"]

1. e4 c5 2. Nf3 e6 3. d4 cxd4 4. Nxd4 a6 5. Bd3 Bc5 6. Nb3 Ba7 7. O-O Nc6 8. Qg4
Qf6 9. Qg3 h5 10. Be3 h4 11. Qh3 Bxe3 12. Qxe3 g5 13. N1d2 Nge7 14. Nc4 Ng6 15.
Nbd2 b5 16. Nd6+ Kf8 17. a4 b4 18. N2c4 Rb8 19. Nb6 Rxb6 20. Qxb6 h3 21. Nxc8
hxg2 22. Rfe1 Qf4 23. Kxg2 Rxh2+ 24. Kg1 Qh4 25. Qe3 Nf4 0-1

[Event "European Blitz 2016"]
[Site "Tallinn EST"]
[Date "2016.12.17"]
[Round "16.2"]
[White "Mamedov, Rauf"]
[Black "Kozul, Zdenko"]
[Result "1-0"]
[WhiteTitle "GM"]
[BlackTitle "GM"]
[WhiteElo "2688"]
[BlackElo "2613"]
[WhiteFideId "13401653"]
[BlackFideId "14502879"]
[EventDate "2016.12.17"]

1. e4 c5 2. Nf3 d6 3. Nc3 Nf6 4. e5 dxe5 5. Nxe5 Nbd7 6. d4 e6 7. Bb5 Be7 8. d5
exd5 9. Nxd5 O-O 10. Bxd7 Nxd7 11. Bf4 Bf6 12. Nc4 Re8+ 13. Kf1 b6 14. Bc7 Ba6
15. Bxd8 Bxc4+ 16. Kg1 Raxd8 17. Ne3 Ba6 18. c3 Ne5 19. Qa4 Bd3 20. h4 a6 21.
Rd1 Bb5 22. Qc2 Nd3 23. a4 1-0

[Event "European Blitz 2016"]
[Site "Tallinn EST"]
[Date "2016.12.17"]
[Round "16.3"]
[White "Munoz, Miguel"]
[Black "Navara, David"]
[Result "1-0"]
[WhiteTitle "GM"]
[BlackTitle "GM"]
[WhiteElo "2473"]
[BlackElo "2725"]
[WhiteFideId "3800229"]
[BlackFideId "309095"]
[EventDate "2016.12.17"]

1. e4 c5 2. g3 Nc6 3. Bg2 g6 4. Ne2 Bg7 5. c3 e5 6. d3 Nge7 7. Be3 b6 8. d4 exd4
9. cxd4 Ba6 10. Nbc3 cxd4 11. Nxd4 O-O 12. Qa4 Nxd4 13. Bxd4 Bxd4 14. Qxd4 Nc6
15. Qd6 Qg5 16. Nd5 Kg7 17. Qa3 Bb7 18. f4 Qd8 19. Rd1 Rc8 20. O-O f6 21. b3 Qe8
22. Rfe1 Rf7 23. Bh3 Ne7 24. Qxa7 Bxd5 25. exd5 Ra8 26. Qxb6 Rxa2 27. d6 Nc8 28.
Rxe8 Nxb6 29. Rb8 Ra6 30. Bf1 1-0

[Event "European Blitz 2016"]
[Site "Tallinn EST"]
[Date "2016.12.17"]
[Round "16.4"]
[White "Vallejo Pons, Francisco"]
[Black "Ponomariov, Ruslan"]
[Result "1/2-1/2"]
[WhiteTitle "GM"]
[BlackTitle "GM"]
[WhiteElo "2711"]
[BlackElo "2709"]
[WhiteFideId "2205530"]
[BlackFideId "14103320"]
[EventDate "2016.12.17"]

1. d4 Nf6 2. c4 e6 3. g3 c5 4. d5 exd5 5. cxd5 d6 6. Nc3 g6 7. Bg2 Bg7 8. Nf3
O-O 9. O-O Nbd7 10. Bf4 Qe7 11. Re1 Nh5 12. Bg5 f6 13. Bd2 f5 14. Bg5 Ndf6 15.
e4 fxe4 16. Nxe4 Qc7 17. Bxf6 Nxf6 18. Neg5 Qb6 19. Ne6 Bxe6 20. dxe6 Rfe8 21.
Ng5 c4 22. e7 Qc5 23. Ne6 Qb6 24. Bd5 Kh8 25. Ng5 Qc5 26. Nf7+ Kg8 27. Nh6+ Kh8
28. Nf7+ Kg8 29. Nh6+ 1/2-1/2

[Event "European Blitz 2016"]
[Site "Tallinn EST"]
[Date "2016.12.17"]
[Round "16.5"]
[White "Plat, Vojtech"]
[Black "Vitiugov, Nikita"]
[Result "0-1"]
[WhiteTitle "IM"]
[BlackTitle "GM"]
[WhiteElo "2532"]
[BlackElo "2726"]
[WhiteFideId "325740"]
[BlackFideId "4152956"]
[EventDate "2016.12.17"]

1. e4 c5 2. Nf3 e6 3. d4 cxd4 4. Nxd4 a6 5. c4 Nf6 6. Bd3 Nc6 7. Nf3 Qc7 8. O-O
b6 9. Nc3 Bb7 10. a3 Bd6 11. h3 Ne5 12. Nxe5 Bxe5 13. Qe2 d6 14. f4 Bd4+ 15. Kh1
O-O 16. Bd2 e5 17. fxe5 Bxe5 18. Rac1 g6 19. g4 Nd7 20. Nd5 Qd8 21. Bh6 Qh4 22.
Qe3 Bxd5 23. cxd5 Bd4 24. Qxd4 Qxh3+ 25. Kg1 Qg3+ 26. Kh1 Qh4+ 27. Kg2 Qxg4+ 28.
Kf2 Qh4+ 29. Ke2 Qxh6 30. Rh1 Qg7 31. Qxg7+ Kxg7 32. Rc6 Ne5 33. Rxb6 Rfb8 34.
Rxb8 Rxb8 35. b4 Rc8 36. Bxa6 Rc2+ 37. Kd1 Ra2 38. Rh3 g5 39. b5 g4 40. Rc3 Nd7
41. Bc8 Nc5 42. b6 Rb2 43. Rxc5 dxc5 44. b7 g3 0-1

[Event "European Blitz 2016"]
[Site "Tallinn EST"]
[Date "2016.12.17"]
[Round "16.6"]
[White "Anton Guijarro, David"]
[Black "Zhigalko, Sergei"]
[Result "1-0"]
[WhiteTitle "GM"]
[BlackTitle "GM"]
[WhiteElo "2650"]
[BlackElo "2671"]
[WhiteFideId "2285525"]
[BlackFideId "13502956"]
[EventDate "2016.12.17"]

1. d4 Nf6 2. c4 e6 3. Nf3 b6 4. e3 Bb7 5. Bd3 d5 6. O-O Bd6 7. b3 O-O 8. Nc3
Nbd7 9. Bb2 a6 10. a4 c5 11. cxd5 exd5 12. Qe2 Re8 13. Rfd1 Qe7 14. Rac1 Ne4 15.
Bb1 Rad8 16. h3 Ndf6 17. a5 bxa5 18. Na4 cxd4 19. Bxd4 Ba3 20. Rc2 h6 21. Nh4
Bc8 22. Nb6 Be6 23. Nf3 Qb7 24. Ra2 Bc5 25. Na4 Bf8 26. Bd3 Ra8 27. Rb2 Nd7 28.
Rbb1 Rec8 29. Qb2 Qb4 30. Rbc1 Rxc1 31. Rxc1 Rb8 32. Rb1 Ndc5 33. Nxc5 Nxc5 34.
Bxc5 Qxc5 35. Qa2 Rb6 36. Nd4 Be7 37. Ra1 Bf6 38. Qa4 Bxd4 39. exd4 Qb4 40. Qe8+
Qf8 41. Bh7+ Kxh7 42. Qxf8 Rxb3 43. Rxa5 1-0

[Event "European Blitz 2016"]
[Site "Tallinn EST"]
[Date "2016.12.17"]
[Round "16.7"]
[White "Riazantsev, Alexander"]
[Black "Jovanovic, Zoran"]
[Result "1-0"]
[WhiteTitle "GM"]
[BlackTitle "GM"]
[WhiteElo "2671"]
[BlackElo "2534"]
[WhiteFideId "4125029"]
[BlackFideId "14505320"]
[EventDate "2016.12.17"]

1. d4 d6 2. Nf3 g6 3. c4 Bg7 4. Nc3 e5 5. e4 Nc6 6. dxe5 Nxe5 7. Nxe5 dxe5 8.
Qxd8+ Kxd8 9. c5 Be6 10. Bg5+ f6 11. O-O-O+ Kc8 12. Be3 Bh6 13. Bxh6 Nxh6 14. c6
Ng4 15. Rd2 Rd8 16. Rxd8+ Kxd8 17. cxb7 Rb8 18. Ba6 c6 19. h3 Nh6 20. Na4 Kc7
21. Nc5 Kd6 22. b4 Ke7 23. Rd1 f5 24. f3 g5 25. Kb2 fxe4 26. fxe4 g4 27. b5 cxb5
28. Nxe6 Kxe6 29. Rc1 1-0

[Event "European Blitz 2016"]
[Site "Tallinn EST"]
[Date "2016.12.17"]
[Round "16.8"]
[White "Kovalenko, Igor"]
[Black "Bologan, Victor"]
[Result "0-1"]
[WhiteTitle "GM"]
[BlackTitle "GM"]
[WhiteElo "2684"]
[BlackElo "2640"]
[WhiteFideId "14117908"]
[BlackFideId "13900048"]
[EventDate "2016.12.17"]

1. c4 e5 2. Nc3 Bb4 3. Nd5 Bc5 4. e3 Nf6 5. b4 Nxd5 6. bxc5 Nf6 7. Bb2 Qe7 8.
Nf3 Nc6 9. d4 exd4 10. Nxd4 Qxc5 11. Nb5 O-O 12. Bxf6 gxf6 13. Nxc7 Qa5+ 14. Ke2
Qxc7 15. f4 d6 16. Kf2 Bf5 17. Qd2 Rfe8 18. Re1 Rad8 19. Be2 Qa5 20. Qb2 Qb6 21.
Qc3 Qc5 22. g4 Be4 23. Rhg1 d5 24. Qxf6 d4 25. Kg3 dxe3 26. Rd1 Nd4 27. Kh3 Qe7 0-1

[Event "European Blitz 2016"]
[Site "Tallinn EST"]
[Date "2016.12.17"]
[Round "16.9"]
[White "Ruck, Robert"]
[Black "Movsesian, Sergei"]
[Result "0-1"]
[WhiteTitle "GM"]
[BlackTitle "GM"]
[WhiteElo "2561"]
[BlackElo "2673"]
[WhiteFideId "705713"]
[BlackFideId "310204"]
[EventDate "2016.12.17"]

1. Nf3 Nf6 2. c4 e6 3. Nc3 d5 4. d4 Bb4 5. Bg5 h6 6. Bxf6 Qxf6 7. e3 O-O 8. Rc1
dxc4 9. Bxc4 c5 10. O-O cxd4 11. Ne4 Qe7 12. exd4 Nd7 13. a3 Bd6 14. Qe2 Nf6 15.
Rfd1 Bf4 16. Rc2 Bd7 17. Nxf6+ Qxf6 18. Ne5 Bc6 19. Nxc6 bxc6 20. g3 Bc7 21. Ba6
Bb6 22. Qe4 Rad8 23. Rcd2 Rd6 24. Bb7 Rfd8 25. Bxc6 Bxd4 26. Kg2 e5 27. Bb7 Bc5
28. Qe2 Bd4 29. b4 g6 30. Rc2 h5 31. Qf3 Qe7 32. Rdc1 Rf6 33. Qe4 Bb6 34. Ba8
Kg7 35. Re1 Bd4 36. Bd5 Qd7 37. Bb3 Rc8 38. Rce2 Rc3 39. Qd5 Qf5 40. f4 h4 41.
Ba2 h3+ 42. Kh1 Qd3 43. Qe4 Qxe4+ 44. Rxe4 Rc2 45. Bd5 Bc3 46. Rf1 exf4 47. gxf4
Rd6 48. Bb3 Rb2 49. Bc4 Rdd2 50. Re3 Rxh2+ 51. Kg1 Bd4 0-1

[Event "European Blitz 2016"]
[Site "Tallinn EST"]
[Date "2016.12.17"]
[Round "16.10"]
[White "Rakhmanov, Aleksandr"]
[Black "Cvitan, Ognjen"]
[Result "1-0"]
[WhiteTitle "GM"]
[BlackTitle "GM"]
[WhiteElo "2667"]
[BlackElo "2491"]
[WhiteFideId "4173708"]
[BlackFideId "14500086"]
[EventDate "2016.12.17"]

1. c4 e6 2. e4 d5 3. exd5 exd5 4. d4 Nf6 5. Nc3 Bb4 6. Bd3 O-O 7. Ne2 dxc4 8.
Bxc4 Nc6 9. O-O h6 10. a3 Bd6 11. f3 a6 12. Be3 Re8 13. Bf2 Ne7 14. Ng3 Ng6 15.
Nge4 Be6 16. Bd3 Nd5 17. Re1 Ndf4 18. Bf1 Nd5 19. Nxd6 cxd6 20. Ne4 Rc8 21. Qd2
Nb6 22. Bg3 Rc6 23. Rec1 Bc4 24. Bxc4 Nxc4 25. Rxc4 Rxc4 26. Nxd6 b5 27. Nxc4
bxc4 28. Rc1 Qd5 29. Qc3 Re2 30. Qxc4 Qxc4 31. Rxc4 Rxb2 32. d5 Rd2 33. d6 h5
34. h4 f6 35. Ra4 f5 36. Rxa6 f4 37. Be1 Rd1 38. Kf1 Ne5 39. Ke2 Ra1 40. Ra4
Ra2+ 41. Bd2 Kf7 42. Rxf4+ Ke6 43. Rd4 Rxa3 44. Bf4 Ra2+ 45. Kf1 Nd7 46. Kg1 Rc2
47. Bg3 Rc1+ 48. Kh2 Rc2 49. Re4+ Kd5 50. Re7 Kc6 51. Rxg7 Nf6 52. Rc7+ Kd5 1-0

[Event "European Blitz 2016"]
[Site "Tallinn EST"]
[Date "2016.12.17"]
[Round "16.11"]
[White "Kobalia, Mikhail"]
[Black "Kantans, Toms"]
[Result "1/2-1/2"]
[WhiteTitle "GM"]
[BlackTitle "IM"]
[WhiteElo "2628"]
[BlackElo "2454"]
[WhiteFideId "4119150"]
[BlackFideId "11602945"]
[EventDate "2016.12.17"]

1. e4 c5 2. Nf3 Nf6 3. Nc3 Nc6 4. d4 d5 5. dxc5 d4 6. Ne2 e5 7. Ng3 Bxc5 8. Bd3
O-O 9. O-O h6 10. a3 a6 11. Nh4 Re8 12. Nhf5 Bf8 13. Bd2 Ne7 14. Qf3 Nxf5 15.
Nxf5 Bxf5 16. Qxf5 Qd7 17. Qf3 Rac8 18. Qe2 Qc6 19. Rae1 Nd7 20. f4 exf4 21.
Bxf4 Ne5 22. Bg3 b5 23. Bxe5 Rxe5 24. Qg4 Rc7 25. Rf5 Bd6 26. Ref1 Qe8 27. g3
Rxf5 28. Qxf5 Be5 29. Kg2 g6 30. Qf3 Kg7 31. h4 h5 32. g4 hxg4 33. Qxg4 Qh8 34.
Rf5 Re7 35. h5 Qh6 36. hxg6 fxg6 37. Rf3 Qh2+ 38. Kf1 Rf7 39. Rxf7+ Kxf7 40.
Qd7+ Kg8 41. Qe6+ 1/2-1/2